Normal view MARC view
  • Hernández Vázquez, Francisco Javier

Entry Nombre Personal

Number of records used in: 2

001 - NUMERO DE CONTROL

  • campo de control: 44185

003 - IDENTIFICADOR DE NUMERO DE CONTROL

  • campo de control: MX-MxUPN

005 - FECHA Y HORA DE LA ÜLTIMA TRANSACCIÓN

  • campo de control: 20220331134457.0

008 - DATOS DE LONGITUD FIJA

  • campo de control de longitud fija: 220331|| aca||aabn | a|a d

040 ## - FUENTE DE CATALOGACIÓN

  • Agencia original de catalogación: MX-MxUPN
  • Lenguaje de catalogación: spa
  • Agencia de transcripción: MX-MxUPN

100 1# - ENCABEZAMIENTO - NOMBRE PERSONAL

  • Nombre personal: Hernández Vázquez, Francisco Javier

372 ## - CAMPO DE ACTIVIDAD

  • Field of activity: Pedagogo

372 ## - CAMPO DE ACTIVIDAD

  • Field of activity: Fundamentos de la educación física especial

372 ## - CAMPO DE ACTIVIDAD

  • Field of activity: Didáctica

373 ## - GRUPO ASOCIADO

  • Associated group: Instituto Nacional de Educación Física (Barcelona)

373 ## - GRUPO ASOCIADO

  • Associated group: Universidad de Barcelona. División de Ciencias de la Educación

375 ## - GÉNERO

  • Gender: masculino

377 ## - LENGUA ASOCIADA

  • Language code: spa

400 1# - VEÁSE - NOMBRE DE PERSONA

  • Personal name: Vázquez, Francisco Javier Hernández

400 1# - VEÁSE - NOMBRE DE PERSONA

  • Personal name: Hernández, F. Javier

670 ## - FUENTE EN LA QUE SE LOCALIZARON DATOS

  • Cita de la fuente: En la obra: Torpeza motriz, 1995:
  • Información localizada: portada (Francisco Javier Hernández Vázquez) cubierta delantera (F. Javier Hernández) cubierta posterior (Francisco Javier Hernández Vázquez es Doctor en Pedagogía por la Universidad de Barcelona (Programa Motricidad Humana [...] profesor titular de Didáctica y Fundamentos de la Educación Física Especial del Instituto Nacional de Educación Física de Barcelona [...] director del postgrado Actividades físicas adaptadas: integración escolar, educación especial y deporte adaptado de la Universidad de Barcelona (División de Ciencias de la Educación))

902 ## - CATALOGADOR

  • Catalogador: NDAF/220331